Normal view MARC view
  • Incesto en la literatura

Entry Materia

Number of records used in: 3

001 - NÚMERO DE CONTROL DEL REGISTRO

  • campo de control: 22639

003 - IDENTIFICADOR DE NUMERO DE CONTROL

  • campo de control: MX-MxUPN

005 - FECHA Y HORA DE LA ÚLTIMA TRANSACCIÓN

  • campo de control: 20231101081826.0

008 - DATOS DE LONGITUD FIJA

  • campo de control de longitud fija: 231101n||acnnnbabn | ana |d

035 ## - NÚMERO DE CONTROL DEL SISTEMA

  • Número de control del sistema: UPN10000022648

040 ## - FUENTE DE LA CATALOGACIÓN

  • Centro catalogador de origen: MX-MxUPN
  • Lengua de catalogación: spa
  • Agencia de transcripción: MX-MxUPN

150 ## - ENCABEZAMIENTO - TEMÁTICO

  • Término de materia o nombre geográfico como elemento inicial: Incesto en la literatura

670 ## - FUENTE EN LA QUE SE LOCALIZARON DATOS

  • Cita de la fuente: LC/P
  • Información localizada: Incest in literature

902 ## - CATALOGADOR

  • Catalogador: CAA/160114